000 00549nam a2200181Ia 4500
005 20250508160506.0
008 008 250505s9999 xx 000 0 eng d
037 _aTextual
040 _aFEDL
_beng
_cFEDL
041 _aeng
_2eng
084 _a425, SCO
_qFEDL
100 _aScott F S...(eta.al).
_9768623
245 0 _aEnglish grammar: A linguistic study of its classes and structures
260 _aNew Zealand
_bHeinemann Educational Book Ltd
_c1968
300 _axi,244p
942 _cTEXL
_h425, SCO
999 _c1364943
_d1364943